[Event "Moscow (RUS)-London (ENG)"]
[Site "Hamburg"]
[Date "2009.06.04"]
[Round "1.1"]
[White "Kreuzer, Christopher"]
[Black "Varezhkin, Viktor"]
[Result "0-1"]
[WhiteElo "1928"]
[BlackElo "2188"]
[PlyCount "92"]
[EventDate "2009.??.??"]
[WhiteTeam "London (ENG)"]
[BlackTeam "Moskau (RUS)"]

1. e4 c5 2. Nf3 Nc6 3. d4 cxd4 4. Nxd4 Nf6 5. Nc3 e5 6. Ndb5 d6 7. Bg5 a6 8.
Na3 b5 9. Nd5 Be7 10. Bxf6 Bxf6 11. c3 O-O 12. Be2 Bg5 13. Bg4 Be6 14. Qf3 Bxd5
15. exd5 e4 16. Qf5 g6 17. Qd7 Qxd7 18. Bxd7 Ne5 19. Bc6 Nxc6 20. dxc6 Rfc8 21.
Nc2 Rxc6 22. a4 bxa4 23. Rxa4 a5 24. Ke2 Rb8 25. Ra2 f5 26. Nd4 Rcb6 27. b3 Bf6
28. Rd1 Rc8 29. c4 Bxd4 30. Rxd4 Rc5 31. Ra3 Kf7 32. h4 Ke6 33. Ke3 Ke5 34. f4+
Ke6 35. Rd2 Rb4 36. Rd5 Rxd5 37. cxd5+ Kxd5 38. Rxa5+ Kc6 39. Ra3 d5 40. g3 d4+
41. Kd2 Rb5 42. Ra6+ Kd5 43. h5 Rxb3 44. hxg6 hxg6 45. Rxg6 e3+ 46. Ke1 d3 0-1

[Event "Moscow (RUS)-London (ENG)"]
[Site "Hamburg"]
[Date "2009.06.04"]
[Round "1.2"]
[White "Parfenov, Vjacheslav"]
[Black "Macleod, Alasdair"]
[Result "1-0"]
[WhiteElo "2228"]
[BlackElo "2031"]
[PlyCount "131"]
[EventDate "2009.??.??"]
[WhiteTeam "Moskau (RUS)"]
[BlackTeam "London (ENG)"]

1. e4 c5 2. c3 e6 3. d4 d5 4. e5 Nc6 5. Nf3 Qb6 6. a3 cxd4 7. cxd4 Bd7 8. Nc3
Nge7 9. Na4 Qd8 10. Bd3 Nf5 11. Bxf5 exf5 12. Nc3 Be6 13. b4 Be7 14. h4 h6 15.
Qd3 Rc8 16. Bd2 O-O 17. h5 Qd7 18. Ne2 Bd8 19. Nf4 Bb6 20. O-O Ne7 21. a4 a6
22. Rfb1 Rc4 23. b5 a5 24. Rb3 Rfc8 25. Be3 Qc7 26. Nd2 Rc3 27. Rxc3 Qxc3 28.
Qxc3 Rxc3 29. Kf1 Bd8 30. Ke2 b6 31. Kd1 Kf8 32. Ne2 Rc8 33. Rc1 Rxc1+ 34. Kxc1
Ke8 35. Nf4 Kd7 36. Kc2 Nc8 37. Kd3 Be7 38. Nb1 Bb4 39. Bd2 Bxd2 40. Kxd2 Ne7
41. Nc3 Kc7 42. Ke3 Kd7 43. Kf3 Ke8 44. Nd1 Kd7 45. Ne3 Ke8 46. Kg3 Kd7 47. Kh4
Ke8 48. Nxe6 fxe6 49. g4 fxg4 50. Kxg4 Nc8 51. f4 Na7 52. f5 Kf7 53. Kf4 Ke7
54. Ng4 Kf7 55. fxe6+ Kxe6 56. Ne3 Nc8 57. Nf5 Kf7 58. Kg4 Na7 59. Nd6+ Ke6 60.
Kf4 Ke7 61. Kf5 Kf8 62. Ke6 g5 63. hxg6 Kg7 64. Kxd5 Kxg6 65. Ke4 h5 66. Kf4
1-0

[Event "Moscow (RUS)-London (ENG)"]
[Site "Hamburg"]
[Date "2009.06.04"]
[Round "1.3"]
[White "Gardner, Phillip"]
[Black "Ivanov, Mikhail"]
[Result "1/2-1/2"]
[WhiteElo "1900"]
[BlackElo "1900"]
[PlyCount "24"]
[EventDate "2009.??.??"]
[WhiteTeam "London (ENG)"]
[BlackTeam "Moskau (RUS)"]

1. e4 c5 2. c3 Nf6 3. e5 Nd5 4. d4 cxd4 5. Nf3 e6 6. cxd4 Nc6 7. Nc3 d6 8. Nxd5
exd5 9. Be2 dxe5 10. Nxe5 Nxe5 11. dxe5 Bb4+ 12. Bd2 Qa5 1/2-1/2

[Event "Moscow (RUS)-London (ENG)"]
[Site "Hamburg"]
[Date "2009.06.04"]
[Round "1.4"]
[White "Pogoskin, Roman"]
[Black "Dwek, Ilan"]
[Result "1/2-1/2"]
[WhiteElo "2060"]
[BlackElo "1900"]
[PlyCount "95"]
[EventDate "2009.??.??"]
[WhiteTeam "Moskau (RUS)"]
[BlackTeam "London (ENG)"]

1. e4 c5 2. Nf3 d6 3. d4 cxd4 4. Nxd4 Nf6 5. Nc3 a6 6. a4 e6 7. Be3 Be7 8. Be2
O-O 9. O-O Nbd7 10. Nb3 Qc7 11. f4 b6 12. Bf3 Bb7 13. Qd2 Rac8 14. Qf2 Nc5 15.
Nxc5 bxc5 16. Qg3 d5 17. exd5 exd5 18. Bd2 d4 19. Ne2 Bxf3 20. Qxf3 Bd6 21. c3
Rb8 22. Rfb1 Rfe8 23. cxd4 cxd4 24. Qd3 Bc5 25. b4 Ba7 26. Re1 Qd6 27. Ng3 g6
28. Ne4 Nxe4 29. Rxe4 Rxe4 30. Qxe4 f5 31. Qd3 Re8 32. b5 axb5 33. axb5 Qb6 34.
Ra6 Qc5 35. Rc6 Qd5 36. Qc4 Qxc4 37. Rxc4 Rb8 38. Rc7 Bb6 39. Rd7 Bc5 40. Kf1
Rxb5 41. Rd8+ Kg7 42. Rd7+ Kh6 43. h3 Rb6 44. Ke2 Rd6 45. Rxd6 Bxd6 46. Kd3 Bc5
47. Be1 Kh5 48. Bf2 1/2-1/2

[Event "Helsingborg (SWE)-Zagreb (CRO)"]
[Site "Hamburg"]
[Date "2009.06.04"]
[Round "1.1"]
[White "Bozinovic, Bogdan"]
[Black "Borg, Peter"]
[Result "1-0"]
[WhiteElo "2323"]
[BlackElo "1900"]
[PlyCount "87"]
[EventDate "2009.??.??"]
[WhiteTeam "Zagreb (CRO)"]
[BlackTeam "Helsingborg (SWE)"]

1. d4 d5 2. c4 e6 3. Nc3 Nf6 4. Nf3 c6 5. Bg5 Be7 6. e3 Nbd7 7. Qc2 h6 8. Bf4
Bb4 9. h3 Ne4 10. Nd2 Nxd2 11. Qxd2 Nf6 12. Bd3 dxc4 13. Bxc4 Ne4 14. Qc2 Qa5
15. Rc1 Nxc3 16. bxc3 Be7 17. O-O Bd7 18. Qe2 Bf6 19. Bd6 Be7 20. Bxe7 Kxe7 21.
e4 Qg5 22. f4 Qh4 23. Kh2 Kd8 24. a4 f5 25. Rb1 b6 26. a5 b5 27. Bd3 a6 28. c4
Qf6 29. Rbd1 g5 30. d5 exd5 31. cxd5 cxd5 32. e5 Qf7 33. Qe3 Qg6 34. Be2 gxf4
35. Rxf4 Rg8 36. Bf3 Qg3+ 37. Kh1 Rg6 38. Rxd5 Ke8 39. Rxd7 Kxd7 40. Qd2+ Ke6
41. Bxa8 Kxe5 42. Qd4+ Ke6 43. Qd5+ Ke7 44. Qxf5 1-0

[Event "Helsingborg (SWE)-Zagreb (CRO)"]
[Site "Hamburg"]
[Date "2009.06.04"]
[Round "1.2"]
[White "Korenkiewicz, Jaroslav"]
[Black "Klasan, Vladimir"]
[Result "0-1"]
[WhiteElo "1900"]
[BlackElo "2282"]
[PlyCount "66"]
[EventDate "2009.??.??"]
[WhiteTeam "Helsingborg (SWE)"]
[BlackTeam "Zagreb (CRO)"]

1. f4 d5 2. d4 Nf6 3. e3 c6 4. Nc3 Bf5 5. Bd3 e6 6. Nge2 Bb4 7. O-O O-O 8. a3
Bxc3 9. Nxc3 Nbd7 10. b4 Ne4 11. Bxe4 Bxe4 12. Nxe4 dxe4 13. c4 b5 14. c5 a5
15. Bd2 axb4 16. axb4 Rxa1 17. Qxa1 Qa8 18. Qb2 Qb7 19. Be1 Qa6 20. Bc3 Ra8 21.
Qc2 Nf6 22. Ra1 Qb7 23. Rxa8+ Qxa8 24. h3 Nd5 25. Bd2 f5 26. Kf2 Qa3 27. g4 h6
28. h4 Qa1 29. Kg2 Qe1 30. Bxe1 Nxe3+ 31. Kf2 Nxc2 32. Bc3 fxg4 33. h5 Kf7 0-1

[Event "Helsingborg (SWE)-Zagreb (CRO)"]
[Site "Hamburg"]
[Date "2009.06.04"]
[Round "1.3"]
[White "Vujcic, Toni"]
[Black "Claesson, Mats"]
[Result "1-0"]
[WhiteElo "2141"]
[BlackElo "1900"]
[PlyCount "63"]
[EventDate "2009.??.??"]
[WhiteTeam "Zagreb (CRO)"]
[BlackTeam "Helsingborg (SWE)"]

1. Nf3 d5 2. d4 Nf6 3. c4 e6 4. Nc3 Be7 5. g3 Nbd7 6. Bg2 c6 7. O-O O-O 8. b3
b6 9. cxd5 cxd5 10. Bf4 Ba6 11. a4 Bb4 12. Nb5 Bxb5 13. axb5 Ne4 14. Qd3 Ndf6
15. Ne5 Bd6 16. Nc6 Qd7 17. f3 Bxf4 18. gxf4 Nd6 19. e4 Nh5 20. exd5 Nxf4 21.
dxe6 fxe6 22. Qe3 Nxb5 23. Rfc1 Rf5 24. Bf1 Nd6 25. Ne5 Qe7 26. Rc2 Qg5+ 27.
Kh1 a5 28. Rc6 Nc8 29. Qe4 Qd8 30. Rxe6 Nxe6 31. Qxf5 Qe7 32. Bc4 1-0

[Event "Hamburg (GER II)-Dresden (GER I)"]
[Site "Hamburg"]
[Date "2009.06.04"]
[Round "1.1"]
[White "Mucha, Annegret"]
[Black "Kevorkov, Artur"]
[Result "1/2-1/2"]
[WhiteElo "1957"]
[BlackElo "2240"]
[PlyCount "102"]
[EventDate "2009.??.??"]
[WhiteTeam "Dresden (GER I)"]
[BlackTeam "Hamburg (GER II)"]

1. e4 e5 2. Nf3 Nc6 3. Bc4 Be7 4. O-O Nf6 5. Re1 O-O 6. c3 d6 7. h3 Nxe4 8.
Rxe4 d5 9. Re1 dxc4 10. Nxe5 Nxe5 11. Rxe5 Bd6 12. Re3 Bf5 13. b3 Qg5 14. d4
cxd3 15. Nd2 Rfe8 16. Nf3 Qf6 17. Nd4 Bg6 18. Bd2 Rxe3 19. Bxe3 Qe5 20. g3 Qe4
21. Qf3 a6 22. b4 Re8 23. Qxe4 Rxe4 24. Re1 h6 25. Kf1 c5 26. bxc5 Bxc5 27. Bd2
Bxd4 28. Rxe4 Bxe4 29. cxd4 Kf8 30. Bb4+ Ke8 31. Ke1 b6 32. Kd2 h5 33. a3 g5
34. Ke3 Bf5 35. h4 a5 36. Bd2 f6 37. Kf3 g4+ 38. Kf4 Bg6 39. f3 gxf3 40. Kxf3
Kd7 41. g4 Ke6 42. gxh5 Bxh5+ 43. Ke3 Bg6 44. h5 Bxh5 45. Kxd3 Kd5 46. Bf4 Bg6+
47. Kc3 Be4 48. Bc7 Kc6 49. Bf4 b5 50. Kb3 Kd5 51. a4 Bd3 1/2-1/2

[Event "Hamburg (GER II)-Dresden (GER I)"]
[Site "Hamburg"]
[Date "2009.06.04"]
[Round "1.2"]
[White "Jentsch, Dieter"]
[Black "Müller, Burkhard"]
[Result "1-0"]
[WhiteElo "2175"]
[BlackElo "2159"]
[PlyCount "27"]
[EventDate "2009.??.??"]
[WhiteTeam "Hamburg (GER II)"]
[BlackTeam "Dresden (GER I)"]

1. e4 c5 2. Nf3 d6 3. c3 e6 4. d4 Be7 5. Bd3 Nc6 6. O-O Bf6 7. Be3 cxd4 8. cxd4
Nge7 9. Nc3 O-O 10. a3 a6 11. Qb3 g6 12. Rfd1 Qc7 13. Rac1 a5 14. d5 1-0

[Event "Hamburg (GER II)-Dresden (GER I)"]
[Site "Hamburg"]
[Date "2009.06.04"]
[Round "1.3"]
[White "Kössler, Wolfgang"]
[Black "Krüger, Karl-Friedrich"]
[Result "1-0"]
[WhiteElo "1900"]
[BlackElo "1900"]
[PlyCount "118"]
[EventDate "2009.??.??"]
[WhiteTeam "Dresden (GER I)"]
[BlackTeam "Hamburg (GER II)"]

1. e4 d6 2. d4 Nf6 3. Nc3 g6 4. f4 Bg7 5. Nf3 O-O 6. Bd3 c5 7. dxc5 dxc5 8. e5
Nd5 9. Nxd5 Qxd5 10. Qe2 Bg4 11. Bc4 Qd7 12. O-O Be6 13. c3 Nc6 14. Ng5 Nd8 15.
Be3 Bg4 16. Qf2 b5 17. Be2 Bxe2 18. Qxe2 h6 19. Ne4 c4 20. Qf3 Rc8 21. Rad1 Qc7
22. Nc5 Qc6 23. Qxc6 Nxc6 24. Rd7 Rfd8 25. Rfd1 e6 26. a3 Bf8 27. Rxd8 Nxd8 28.
Ne4 Nc6 29. Rd7 a6 30. Bb6 Ne7 31. Nf6+ Kg7 32. Ra7 Rc6 33. Bd8 Nd5 34. Nd7 Be7
35. Bxe7 Nxe7 36. Nb8 Rb6 37. Nxa6 Nd5 38. g3 g5 39. fxg5 hxg5 40. Kf2 Kg6 41.
Nc5 Rc6 42. Ne4 Kf5 43. Nd6+ Kxe5 44. Nxf7+ Kf6 45. Rb7 Rc7 46. Rxc7 Nxc7 47.
Nd6 Ke5 48. Nb7 Ke4 49. Ke2 g4 50. Nd6+ Ke5 51. Nc8 Ke4 52. Nb6 e5 53. a4 bxa4
54. Nxa4 Kd5 55. Nb6+ Kc5 56. Nd7+ Kd6 57. Nf6 Ke6 58. Nxg4 Nd5 59. h4 Kf5 1-0

[Event "Hamburg (GER II)-Dresden (GER I)"]
[Site "Hamburg"]
[Date "2009.06.04"]
[Round "1.4"]
[White "Rahn, Jürgen"]
[Black "Krause, Stefan"]
[Result "1-0"]
[WhiteElo "1900"]
[BlackElo "1900"]
[PlyCount "107"]
[EventDate "2009.??.??"]
[WhiteTeam "Hamburg (GER II)"]
[BlackTeam "Dresden (GER I)"]

1. d4 Nf6 2. c4 g6 3. Nc3 d5 4. e3 Bg7 5. Nf3 O-O 6. Be2 c5 7. O-O cxd4 8. exd4
Nc6 9. cxd5 Nxd5 10. Be3 Bf5 11. Qb3 Nxc3 12. bxc3 b6 13. Rfd1 Na5 14. Qb4 Be4
15. Rac1 e6 16. Nd2 Bb7 17. Bf3 Bxf3 18. Nxf3 Rc8 19. c4 Re8 20. Bf4 Bf8 21.
Qc3 Rxc4 22. Qd3 Qd5 23. Ne5 Rxc1 24. Rxc1 Rd8 25. Qa6 Qxd4 26. Bg3 Qd2 27. Rf1
Qd5 28. Qxa7 Qb7 29. Qxb7 Nxb7 30. Nf3 Bc5 31. Be5 Na5 32. h3 Nc4 33. Bf6 Rd7
34. Rc1 Nb2 35. Bxb2 Ra7 36. Ra1 b5 37. a3 Be7 38. Ne1 f6 39. Nd3 Kf7 40. Nb4
Rd7 41. Rc1 Bd6 42. Kf1 Bf4 43. Rc2 h5 44. Ke2 g5 45. Bc3 Ra7 46. g3 Bd6 47.
Rd2 Bc5 48. Bb2 Ra4 49. Rd7+ Kg6 50. Nd3 Bxa3 51. Bxa3 Rxa3 52. Rb7 Rb3 53. Kd2
e5 54. Kc2 1-0

[Event "Baku (AZE)-Kiew (UKR)"]
[Site "Hamburg"]
[Date "2009.06.04"]
[Round "1.1"]
[White "Baklanova, Tetiana"]
[Black "Slepsov, Aleksandr"]
[Result "1-0"]
[WhiteElo "2239"]
[BlackElo "1900"]
[PlyCount "39"]
[EventDate "2009.??.??"]
[WhiteTeam "Kiew (UKR)"]
[BlackTeam "Baku (AZE)"]

1. d4 d5 2. c4 c6 3. Nc3 Nf6 4. cxd5 cxd5 5. Bf4 Nc6 6. e3 a6 7. Bd3 g6 8. h3
Bg7 9. Nf3 O-O 10. Rc1 e6 11. O-O Nh5 12. Bh2 f5 13. Ne5 Bxe5 14. Bxe5 Nxe5 15.
dxe5 Bd7 16. Be2 Ng7 17. Qd4 Rc8 18. f4 Qe7 19. b4 Rc7 20. Nxd5 1-0

[Event "Baku (AZE)-Kiew (UKR)"]
[Site "Hamburg"]
[Date "2009.06.04"]
[Round "1.2"]
[White "Yusifov, Fazil"]
[Black "Kovalenko, Vladimir"]
[Result "0-1"]
[WhiteElo "1900"]
[BlackElo "2162"]
[PlyCount "64"]
[EventDate "2009.??.??"]
[WhiteTeam "Baku (AZE)"]
[BlackTeam "Kiew (UKR)"]

1. e4 c5 2. d3 Nc6 3. Nf3 g6 4. Bd2 Bg7 5. Bc3 e5 6. h3 Nge7 7. Nbd2 O-O 8. Nc4
d6 9. Be2 Be6 10. O-O b5 11. Ne3 h6 12. Bd2 d5 13. c3 Qd7 14. Nc2 Rad8 15. b4
cxb4 16. cxb4 f5 17. Bc3 fxe4 18. Nfe1 d4 19. Bb2 exd3 20. Bxd3 Bc4 21. a3 Qd5
22. Qe2 Bxd3 23. Qxd3 e4 24. Qd1 Nf5 25. Qb1 d3 26. Ne3 Nxe3 27. Bxg7 Kxg7 28.
fxe3 Rxf1+ 29. Kxf1 d2 30. Qb2+ Qe5 31. Qxe5+ Nxe5 32. Rd1 dxe1=Q+ 0-1

[Event "Baku (AZE)-Kiew (UKR)"]
[Site "Hamburg"]
[Date "2009.06.04"]
[Round "1.3"]
[White "Ovcharov, Taras"]
[Black "Zhigannurov, Ramiz"]
[Result "1-0"]
[WhiteElo "1987"]
[BlackElo "1900"]
[PlyCount "79"]
[EventDate "2009.??.??"]
[WhiteTeam "Kiew (UKR)"]
[BlackTeam "Baku (AZE)"]

1. e4 c5 2. c3 e5 3. Bc4 Nf6 4. Qb3 Qe7 5. Na3 a6 6. Bd5 d6 7. d3 Be6 8. Bxe6
fxe6 9. Nf3 h6 10. Nc4 Nc6 11. O-O b5 12. Ne3 g6 13. Nh4 Kf7 14. a4 Na5 15. Qd1
Bg7 16. Ng4 g5 17. Nxf6 Bxf6 18. Qh5+ Kg8 19. axb5 Nb3 20. Qg6+ Qg7 21. Rxa6
Rxa6 22. bxa6 Qxg6 23. Nxg6 Rh7 24. f4 exf4 25. Bxf4 Ra7 26. Bxd6 Rxa6 27. e5
Bg7 28. h4 gxh4 29. Nf4 c4 30. d4 Nd2 31. Rd1 Ne4 32. Nxe6 Nxd6 33. exd6 Rxd6
34. Nxg7 Kxg7 35. Kf2 Kg6 36. d5 Kf5 37. Rd4 Ke5 38. Rxc4 Kxd5 39. Rd4+ Kc5 40.
Rxd6 1-0

[Event "Baku (AZE)-Kiew (UKR)"]
[Site "Hamburg"]
[Date "2009.06.04"]
[Round "1.4"]
[White "Afandiyev, Ahad"]
[Black "Babii, Petro"]
[Result "0-1"]
[WhiteElo "1900"]
[BlackElo "2124"]
[PlyCount "70"]
[EventDate "2009.??.??"]
[WhiteTeam "Baku (AZE)"]
[BlackTeam "Kiew (UKR)"]

1. e4 c5 2. Nf3 e6 3. d4 cxd4 4. Nxd4 Nf6 5. Nc3 a6 6. Be2 Bb4 7. Bd2 Bxc3 8.
Bxc3 Nxe4 9. Qd3 Nxc3 10. Qxc3 O-O 11. O-O Nc6 12. Rad1 Qe7 13. Rfe1 Nxd4 14.
Rxd4 Qf6 15. Red1 d5 16. R1d3 Bd7 17. Rf3 Qh6 18. Rh3 Qc1+ 19. Rd1 Qg5 20. Rg3
Qh6 21. Qd3 Bb5 22. Rh3 Bxd3 23. Bxd3 Qxh3 24. gxh3 b5 25. Re1 Rfe8 26. b4 e5
27. f3 g6 28. Kf2 f5 29. Kg3 Rac8 30. Rc1 Rc3 31. h4 f4+ 32. Kg4 e4 33. fxe4
dxe4 34. Bf1 f3 35. h3 e3 0-1

[Event "Otwock (POL)-Vilnius (LTU)"]
[Site "Hamburg"]
[Date "2009.06.04"]
[Round "1.1"]
[White "Patackas, Jonas"]
[Black "Strzelecki, Jerzy"]
[Result "0-1"]
[WhiteElo "2042"]
[BlackElo "2180"]
[PlyCount "66"]
[EventDate "2009.??.??"]
[WhiteTeam "Vilnius (LTU)"]
[BlackTeam "Otwock (POL)"]

1. e4 c5 2. Nf3 a6 3. d4 cxd4 4. Nxd4 Nf6 5. Nc3 e5 6. Nb3 Bb4 7. Bg5 Qc7 8.
Qd3 b5 9. Bxf6 gxf6 10. O-O-O Bxc3 11. Qxc3 Qxc3 12. bxc3 Ke7 13. f3 d6 14. g4
Be6 15. Kb2 Nd7 16. Na5 Rhc8 17. Nb7 Nc5 18. Nxc5 Rxc5 19. Rd3 Rac8 20. a3 a5
21. Rd2 Rxc3 22. Bxb5 Rxf3 23. h3 Rb8 24. a4 Re3 25. Rhd1 Rxe4 26. Ka3 Re3+ 27.
Rd3 Rxd3+ 28. Bxd3 d5 29. Bb5 d4 30. Bd3 h6 31. Be4 Rb4 32. Bf5 Bd5 33. Bd3 Bc6
0-1

[Event "Otwock (POL)-Vilnius (LTU)"]
[Site "Hamburg"]
[Date "2009.06.04"]
[Round "1.2"]
[White "Chojnowski, Marcin"]
[Black "Petrauskas, Gediminas"]
[Result "1-0"]
[WhiteElo "2130"]
[BlackElo "1900"]
[PlyCount "65"]
[EventDate "2009.??.??"]
[WhiteTeam "Otwock (POL)"]
[BlackTeam "Vilnius (LTU)"]

1. e4 d6 2. d4 Nf6 3. Nc3 g6 4. f4 c6 5. Nf3 Bg7 6. e5 dxe5 7. fxe5 Nd5 8. Ne4
Bf5 9. Bd3 Nb4 10. O-O Nxd3 11. cxd3 Qb6 12. Be3 Nd7 13. Qd2 Qd8 14. Bh6 O-O
15. Rae1 Rc8 16. Ng3 Be6 17. Nh5 Bh8 18. Ng5 Bg4 19. Bxf8 Nxf8 20. Qf4 Bf5 21.
g4 Ne6 22. Nxe6 Bxe6 23. Ng3 Qd5 24. Nf5 gxf5 25. gxf5 Bd7 26. Re4 Bg7 27. f6
exf6 28. exf6 Bf8 29. Re5 Qd6 30. Rf3 Kh8 31. Rg3 h6 32. Rg2 Qc7 33. Qg3 1-0

[Event "Otwock (POL)-Vilnius (LTU)"]
[Site "Hamburg"]
[Date "2009.06.04"]
[Round "1.3"]
[White "Osadcij, Jurij"]
[Black "Marczukiewicz, Jerzy"]
[Result "1-0"]
[WhiteElo "1900"]
[BlackElo "2001"]
[PlyCount "55"]
[EventDate "2009.??.??"]
[WhiteTeam "Vilnius (LTU)"]
[BlackTeam "Otwock (POL)"]

1. e4 c5 2. Nf3 Nc6 3. d4 cxd4 4. Nxd4 Nf6 5. Nc3 e6 6. Ndb5 Bb4 7. Nd6+ Ke7 8.
Nxc8+ Rxc8 9. Bd3 d5 10. exd5 Nxd5 11. Bd2 Ne5 12. Nxd5+ Qxd5 13. Bxb4+ Ke8 14.
O-O Nxd3 15. Qxd3 Qxd3 16. cxd3 Kd7 17. Rac1 f6 18. Rc3 Rxc3 19. Bxc3 Rc8 20.
Rc1 Rc6 21. Kf1 Rd6 22. d4 Rd5 23. Re1 h5 24. h4 Rf5 25. Re3 Rd5 26. Rg3 g5 27.
hxg5 fxg5 28. Re3 1-0

[Event "Otwock (POL)-Vilnius (LTU)"]
[Site "Hamburg"]
[Date "2009.06.04"]
[Round "1.4"]
[White "Szalko, Maciej"]
[Black "Marcinkeviciene, Egle"]
[Result "0-1"]
[WhiteElo "1556"]
[BlackElo "1741"]
[PlyCount "88"]
[EventDate "2009.??.??"]
[WhiteTeam "Otwock (POL)"]
[BlackTeam "Vilnius (LTU)"]

1. e4 c5 2. Nf3 d6 3. d4 cxd4 4. Nxd4 Nf6 5. Nc3 a6 6. Bg5 Nbd7 7. Be2 e6 8.
Qd2 Be7 9. O-O-O Qc7 10. f4 b5 11. Bf3 Bb7 12. Rhe1 Rb8 13. Nb3 O-O 14. f5 Ne5
15. Nd4 Bc8 16. Qf4 Ne8 17. Bg4 Nxg4 18. Qxg4 Bxg5+ 19. Qxg5 b4 20. Nce2 a5 21.
Rd3 h6 22. Qh4 Kh7 23. g4 Bd7 24. g5 Qd8 25. f6 e5 26. fxg7 Nxg7 27. Qxh6+ Kg8
28. Nf5 Nxf5 29. exf5 Bxf5 30. Rxd6 Qe7 31. Nf4 Rbc8 32. Nd3 e4 33. g6 fxg6 34.
Qf4 Qc7 35. Nxb4 axb4 36. c3 bxc3 37. b3 c2 38. Rg1 Qg7 39. Kd2 Qc3+ 40. Ke2
Qf3+ 41. Qxf3 exf3+ 42. Kd2 f2 43. Rf1 c1=Q+ 44. Rxc1 Rxc1 0-1

[Event "Hlohovec (SVK)-Sofia (BUL)"]
[Site "Hamburg"]
[Date "2009.06.04"]
[Round "1.1"]
[White "Georgiev, Veselin"]
[Black "Frajka, Peter"]
[Result "1-0"]
[WhiteElo "2360"]
[BlackElo "1866"]
[PlyCount "51"]
[EventDate "2009.??.??"]
[WhiteTeam "Sofia (BUL)"]
[BlackTeam "Hlohovec (SVK)"]

1. e4 e5 2. Bc4 Nf6 3. d3 Nc6 4. Nc3 Be7 5. f4 exf4 6. Bxf4 d6 7. Nf3 Be6 8.
Qe2 d5 9. Bb3 dxe4 10. dxe4 Bxb3 11. axb3 Nh5 12. Rd1 Qc8 13. Bc1 O-O 14. O-O
Bc5+ 15. Kh1 Qg4 16. Rd5 Be7 17. Qf2 f5 18. Re1 f4 19. Nb5 Nb4 20. Rf5 Rxf5 21.
exf5 Bf6 22. Qc5 a5 23. Nxc7 Ng3+ 24. hxg3 fxg3 25. Nxa8 Qh5+ 26. Kg1 1-0

[Event "Hlohovec (SVK)-Sofia (BUL)"]
[Site "Hamburg"]
[Date "2009.06.04"]
[Round "1.2"]
[White "Sturc, Miloslav"]
[Black "Ninov, Nikolay"]
[Result "0-1"]
[WhiteElo "1900"]
[BlackElo "1900"]
[PlyCount "114"]
[EventDate "2009.??.??"]
[WhiteTeam "Hlohovec (SVK)"]
[BlackTeam "Sofia (BUL)"]

1. e4 d5 2. exd5 Qxd5 3. Nc3 Qa5 4. Qf3 Nf6 5. h3 e5 6. Bc4 Nc6 7. Nge2 Be7 8.
a3 O-O 9. Rb1 Nd4 10. Nxd4 exd4 11. Nd5 Nxd5 12. Qxd5 Qxd5 13. Bxd5 c6 14. Bf3
Re8 15. O-O Bf5 16. d3 Bf6 17. Bf4 Re6 18. Rfe1 Rae8 19. Rxe6 Rxe6 20. Kf1 Be5
21. Bxe5 Rxe5 22. Re1 f6 23. Rxe5 fxe5 24. h4 Kf7 25. g3 h6 26. Ke2 Ke7 27. Kd2
Kd6 28. Ke2 a5 29. Kd2 b6 30. b4 c5 31. b5 c4 32. dxc4 e4 33. Be2 Kc5 34. Bf1
Be6 35. Bg2 Bxc4 36. Bxe4 Kxb5 37. Kc1 Ka4 38. Kb2 Kb5 39. Kc1 Kc5 40. f4 Bd5
41. Bd3 Bf3 42. Kd2 Kd5 43. c3 dxc3+ 44. Kxc3 Be4 45. Bc4+ Kc5 46. Bf7 Bf5 47.
Bb3 Bg4 48. Bf7 b5 49. Bg6 b4+ 50. axb4+ axb4+ 51. Kc2 Kd4 52. Kb3 Ke3 53. Kxb4
Kf3 54. Kc3 Kxg3 55. f5 Kxh4 56. f6 gxf6 57. Kd3 Kg3 0-1

[Event "Hlohovec (SVK)-Sofia (BUL)"]
[Site "Hamburg"]
[Date "2009.06.04"]
[Round "1.3"]
[White "Dobrev, Alexander"]
[Black "Jaros, Jozef"]
[Result "1/2-1/2"]
[WhiteElo "1900"]
[BlackElo "1900"]
[PlyCount "66"]
[EventDate "2009.??.??"]
[WhiteTeam "Sofia (BUL)"]
[BlackTeam "Hlohovec (SVK)"]

1. e4 c6 2. d4 d5 3. e5 Bf5 4. Nc3 e6 5. Nf3 Nd7 6. Be3 Bb4 7. Bd3 Bxd3 8. Qxd3
h6 9. a3 Bxc3+ 10. Qxc3 Ne7 11. O-O Nf5 12. Bd2 Qb6 13. b4 Qc7 14. g4 Ne7 15.
Bf4 Ng6 16. Be3 Nb6 17. Nd2 Na4 18. Qd3 b5 19. f4 O-O-O 20. Nb1 Nb2 21. Qb3 Nc4
22. a4 a6 23. axb5 axb5 24. Nd2 Kb7 25. Qc3 Ra8 26. Nb3 Rhb8 27. Nc5+ Kb6 28.
f5 Nf8 29. Rxa8 Rxa8 30. Ra1 Rxa1+ 31. Qxa1 Qa7 32. Qxa7+ Kxa7 33. Bc1 Kb6
1/2-1/2

[Event "Hlohovec (SVK)-Sofia (BUL)"]
[Site "Hamburg"]
[Date "2009.06.04"]
[Round "1.4"]
[White "Lancaric, Vladimir"]
[Black "Ivanov, Svetoslav"]
[Result "0-1"]
[WhiteElo "1900"]
[BlackElo "1900"]
[PlyCount "82"]
[EventDate "2009.??.??"]
[WhiteTeam "Hlohovec (SVK)"]
[BlackTeam "Sofia (BUL)"]

1. e4 c5 2. Nf3 Nc6 3. c3 e5 4. Bc4 Be7 5. a3 Nf6 6. d3 O-O 7. b4 d6 8. h3 h6
9. Nbd2 Re8 10. O-O a6 11. Nh2 d5 12. Ba2 Be6 13. f4 d4 14. Bb2 Bxa2 15. Rxa2
dxc3 16. Bxc3 Qxd3 17. Rf3 Qd6 18. bxc5 Qxc5+ 19. Kh1 Rad8 20. Qb3 exf4 21.
Rxf4 Rd3 22. Rc2 Qg5 23. Rf2 Nd4 24. Qc4 Qe3 25. Bxd4 Rxd4 26. Qf1 Red8 27.
Nhf3 Nh5 28. Kh2 Bd6+ 29. e5 Bxe5+ 30. Nxe5 Qxe5+ 31. Kg1 Qd5 32. Qe2 Nf6 33.
Nf1 b5 34. Rc3 Ne4 35. Rc7 Nxf2 36. Qxf2 Qe6 37. Qf3 Rd3 38. Qb7 Rxa3 39. Re7
Qf6 40. Re1 Ra2 41. Qb6 Qxb6+ 0-1

[Event "Prague (CZE)-St. Gallen (SUI)"]
[Site "Hamburg"]
[Date "2009.06.04"]
[Round "1.1"]
[White "Redzepi, Halit"]
[Black "Cisar, Jiri"]
[Result "1-0"]
[WhiteElo "1847"]
[BlackElo "1900"]
[PlyCount "73"]
[EventDate "2009.??.??"]
[WhiteTeam "St. Gallen (SUI)"]
[BlackTeam "Prag (CZE)"]

1. e4 c5 2. Nf3 d6 3. d4 cxd4 4. Nxd4 Nf6 5. Nc3 g6 6. Bc4 Bg7 7. O-O O-O 8.
Bg5 Nc6 9. Nxc6 bxc6 10. Qd2 Rb8 11. Rad1 Ng4 12. h3 Ne5 13. Bb3 Ba6 14. Rfe1
Qc7 15. Bh6 Rfd8 16. Bxg7 Kxg7 17. f4 Qb6+ 18. Kh2 Nc4 19. Bxc4 Bxc4 20. f5 f6
21. b3 Bf7 22. Ne2 Qc5 23. Qd3 Qe5+ 24. Kh1 c5 25. c4 a5 26. Nc3 Be8 27. Nd5 a4
28. Qf3 axb3 29. axb3 Rb7 30. Rd3 Ra8 31. Ne3 Ra3 32. Ng4 Qb2 33. e5 Rbxb3 34.
exf6+ exf6 35. Qe3 Bf7 36. Qh6+ Kg8 37. Rxd6 1-0

[Event "Prague (CZE)-St. Gallen (SUI)"]
[Site "Hamburg"]
[Date "2009.06.04"]
[Round "1.2"]
[White "Schmid, Jaroslav"]
[Black "Wagner, Peter"]
[Result "1/2-1/2"]
[WhiteElo "2056"]
[BlackElo "1900"]
[PlyCount "68"]
[EventDate "2009.??.??"]
[WhiteTeam "Prag (CZE)"]
[BlackTeam "St. Gallen (SUI)"]

1. d4 Nf6 2. c4 e6 3. Nf3 Bb4+ 4. Bd2 Qe7 5. a3 Bxd2+ 6. Nbxd2 d6 7. g3 Nc6 8.
Bg2 O-O 9. O-O e5 10. d5 Nd8 11. e4 b6 12. b4 Nb7 13. Qc2 a5 14. Nb3 Bg4 15. h3
Bh5 16. Nh4 Bg6 17. Nxg6 fxg6 18. Rac1 axb4 19. axb4 Nd7 20. Ra1 g5 21. Ra2
Rxa2 22. Qxa2 Nd8 23. Ra1 Nf6 24. Qe2 h5 25. Ra7 g4 26. h4 Ne8 27. Qe3 Qf6 28.
c5 bxc5 29. bxc5 Nf7 30. c6 g5 31. hxg5 Nxg5 32. Nd2 Qh6 33. Qe2 Qf6 34. Ra3
Qg6 1/2-1/2

[Event "Prague (CZE)-St. Gallen (SUI)"]
[Site "Hamburg"]
[Date "2009.06.04"]
[Round "1.3"]
[White "Geisser, Rainer"]
[Black "Petran, Tomas"]
[Result "0-1"]
[WhiteElo "1900"]
[BlackElo "1900"]
[PlyCount "123"]
[EventDate "2009.??.??"]
[WhiteTeam "St. Gallen (SUI)"]
[BlackTeam "Prag (CZE)"]

1. c4 e5 2. Nc3 Nf6 3. g3 c6 4. Bg2 d5 5. cxd5 cxd5 6. d4 exd4 7. Qxd4 Nc6 8.
Qa4 Be7 9. Bg5 Be6 10. e3 O-O 11. Nf3 Qb6 12. Qb5 Qxb5 13. Nxb5 Bb4+ 14. Ke2
Ne4 15. h3 d4 16. Rhc1 d3+ 17. Kf1 d2 18. Rc2 Nxg5 19. Nxg5 Rad8 20. Bf3 Bxa2
21. Rxa2 d1=Q+ 22. Bxd1 Rxd1+ 23. Ke2 Rd5 24. Nxh7 Kxh7 25. Nxa7 Rfd8 26. Nxc6
Rd2+ 27. Rxd2 Rxd2+ 28. Kf3 bxc6 29. Ra1 Rxb2 30. Ra6 c5 31. Rb6 Rc2 32. e4 Be1
33. e5 Rxf2+ 34. Kg4 Bc3 35. Rc6 Bd4 36. Rc7 Rg2 37. Kf3 Rxg3+ 38. Kf4 Rg1 39.
Kf5 Rf1+ 40. Ke4 Re1+ 41. Kd5 Rxe5+ 42. Kd6 Rf5 43. Ke7 Kg6 44. Rd7 Bf6+ 45.
Kd6 c4 46. Ra7 c3 47. Ra2 Rf3 48. h4 Rd3+ 49. Kc5 Rd2 50. Ra4 c2 51. Rc4 Bb2
52. Rxc2 Rxc2+ 53. Kb4 Bf6 54. h5+ Kxh5 55. Kb3 Rc3+ 56. Kb4 g5 57. Kb5 g4 58.
Kb4 g3 59. Kb5 g2 60. Kb4 g1=Q 61. Ka4 Rc2 62. Ka5 0-1